[Event "Hastings Masters 2022/23"]
[Site "Hastings"]
[Date "2022.12.31"]
[Round "4.32"]
[White "Harari, Zaki"]
[Black "Miller, George"]
[Result "0-1"]
[WhiteElo "2030"]
[BlackElo "1808"]
[PlyCount "110"]
[EventDate "2022.12.28"]
[EventType "swiss"]
[EventRounds "10"]
[EventCountry "ENG"]

1. e4 e5 2. Nf3 Nc6 3. Bc4 Nf6 4. d3 Be7 5. O-O O-O 6. c3 d6 7. a4 Na5 8. Ba2
Be6 9. Bxe6 fxe6 10. b4 Nc6 11. Re1 h6 12. Nbd2 Qe8 13. Nf1 Nh5 14. b5 Nb8 15.
d4 Nd7 16. Be3 Qg6 17. Ra2 Rf7 18. dxe5 Raf8 19. exd6 cxd6 20. Nd4 Nf4 21. Ng3
Ne5 22. Bxf4 Rxf4 23. Qh5 Qf6 24. Qe2 Qg6 25. Rf1 Ng4 26. Qc4 R4f6 27. Ngf5 Qf7
28. Nxe7+ Qxe7 29. Nf5 Qf7 30. f3 Ne5 31. Nxh6+ Rxh6 32. Qd4 Qf4 33. h3 Rg6 34.
Kh1 Nd7 35. Qd2 Qxd2 36. Rxd2 e5 37. Rfd1 Rff6 38. a5 Nc5 39. Kg1 Kf7 40. Kf2
Ke7 41. Ke3 Rg3 42. Rf2 Rfg6 43. Rdd2 Ne6 44. b6 a6 45. Rb2 Nf4 46. Rb4 Rxg2
47. Rc4 Ne6 48. Rc8 Rxf2 49. Kxf2 Kd7 50. Rb8 Kc6 51. Rc8+ Kb5 52. f4 exf4 53.
e5 dxe5 54. c4+ Kxa5 55. c5 Kb5 0-1

[Event "Hastings Masters 2022/23"]
[Site "Hastings"]
[Date "2022.12.31"]
[Round "4.33"]
[White "Kelly, Paul J"]
[Black "White, Stuart A"]
[Result "0-1"]
[WhiteElo "1842"]
[BlackElo "2021"]
[PlyCount "92"]
[EventDate "2022.12.28"]
[EventType "swiss"]
[EventRounds "10"]
[EventCountry "ENG"]

1. d4 d5 2. Bf4 c5 3. e4 dxe4 4. d5 Nf6 5. Nc3 g6 6. Qd2 Bg7 7. O-O-O O-O 8.
Nge2 Bg4 9. h3 Bxe2 10. Bxe2 Nbd7 11. Bh6 Bh8 12. Bxf8 Qxf8 13. g4 Qg7 14. g5
Ne8 15. h4 Nd6 16. Qf4 b5 17. Rd2 b4 18. Nd1 Nb6 19. c3 a5 20. Rh3 a4 21. h5
Qe5 22. Qxe5 Bxe5 23. hxg6 hxg6 24. Rh4 a3 25. cxb4 axb2+ 26. Nxb2 cxb4 27. Kb1
Ra5 28. f4 Bg7 29. Rh3 Nxd5 30. Rxd5 Rxd5 31. Rb3 Rd2 32. Ba6 Rd4 33. Kc2 e5
34. fxe5 Bxe5 35. Na4 Bf4 36. Nc5 Rd2+ 37. Kb1 Rd4 38. Kc2 Bxg5 39. Rg3 Bf4 40.
Rg4 g5 41. Kb3 Nf5 42. Rg1 Kf8 43. Bb7 e3 44. Bf3 Rd2 45. Ne4 Nd4+ 46. Kxb4
Nxf3 0-1

[Event "Hastings Masters 2022/23"]
[Site "Hastings"]
[Date "2022.12.31"]
[Round "4.34"]
[White "Kumar, Sanjit S"]
[Black "Wilson, Matthew R"]
[Result "0-1"]
[WhiteElo "1965"]
[BlackElo "1722"]
[PlyCount "106"]
[EventDate "2022.12.28"]
[EventType "swiss"]
[EventRounds "10"]
[EventCountry "ENG"]

1. d4 d5 2. c4 e6 3. Nc3 Nf6 4. cxd5 exd5 5. Bg5 c6 6. Qc2 Be7 7. e3 Nbd7 8.
Bd3 h6 9. Bh4 Nh5 10. Bxe7 Qxe7 11. Nge2 Nb6 12. O-O O-O 13. Rae1 Be6 14. f3
Rad8 15. b3 Rfe8 16. Qd2 Qb4 17. Bb1 a5 18. Nc1 a4 19. Nd3 Qe7 20. Ne5 axb3 21.
axb3 Nd7 22. f4 Nf8 23. g4 Nf6 24. f5 Bc8 25. h3 N8h7 26. Kf2 Ng5 27. Rh1 Qb4
28. Kg2 Qxb3 29. Bc2 Qa3 30. h4 Nge4 31. Nxe4 Nxe4 32. Bxe4 dxe4 33. Qc2 Qa5
34. Rhf1 Rxe5 35. dxe5 Rd2+ 36. Re2 Rxc2 37. Rxc2 Qxe5 38. Rd1 Bxf5 39. gxf5
Qxf5 40. Re1 Qf3+ 41. Kh2 Qg4 42. Rce2 b5 43. Rf2 Qxh4+ 44. Kg2 c5 45. Rc1 Qg5+
46. Kf1 Qxe3 47. Rfc2 c4 48. Rc3 Qd4 49. Ke1 f5 50. Ke2 f4 51. Kf1 f3 52. Ke1
Qg1+ 53. Kd2 Qf2+ 0-1

[Event "Hastings Masters 2022/23"]
[Site "Hastings"]
[Date "2022.12.31"]
[Round "4.35"]
[White "Pousada Garcia, Daniel"]
[Black "Jerome, Stellio"]
[Result "1-0"]
[WhiteElo "1960"]
[BlackElo "1501"]
[PlyCount "53"]
[EventDate "2022.12.28"]
[EventType "swiss"]
[EventRounds "10"]
[EventCountry "ENG"]

1. e4 Nc6 2. d4 e5 3. Nf3 exd4 4. Bc4 h6 5. c3 dxc3 6. O-O d6 7. Qb3 Qf6 8.
Nxc3 Ne5 9. Nxe5 dxe5 10. Nd5 Qd8 11. Ne3 Qf6 12. f4 Be6 13. Qxb7 Rd8 14. Bb5+
Bd7 15. Nd5 Bc5+ 16. Kh1 Qd6 17. fxe5 Qxe5 18. Bf4 Qh5 19. Nxc7+ Kf8 20. Bxd7
Rxd7 21. Qc8+ Ke7 22. Qe8+ Kf6 23. Qxd7 Ne7 24. Bd6+ Kg6 25. Bxe7 Bxe7 26. Qxe7
f6 27. Ne6 1-0

[Event "Hastings Masters 2022/23"]
[Site "Hastings"]
[Date "2022.12.31"]
[Round "4.36"]
[White "Ortiz Sanchez, Luis"]
[Black "Damodaran, Patrick"]
[Result "1/2-1/2"]
[WhiteElo "1895"]
[BlackElo "1701"]
[PlyCount "77"]
[EventDate "2022.12.28"]
[EventType "swiss"]
[EventRounds "10"]
[EventCountry "ENG"]

1. e4 g6 2. d4 Bg7 3. Nc3 d6 4. Nf3 Nf6 5. Be2 O-O 6. O-O a6 7. Re1 b5 8. e5
dxe5 9. Nxe5 Bb7 10. Bf3 Nd5 11. Ne4 Nb6 12. Bf4 N8d7 13. Nxd7 Nxd7 14. c3 Bd5
15. Qe2 e6 16. Qe3 Rb8 17. a3 Nb6 18. Nc5 Nc4 19. Qe2 Rb6 20. Bxd5 exd5 21. h3
g5 22. Bg3 Rg6 23. b3 Nd6 24. Nxa6 Ne4 25. Qxb5 Nxc3 26. Qd3 Ne4 27. b4 Nxg3
28. fxg3 Qf6 29. Nxc7 Qxd4+ 30. Qxd4 Bxd4+ 31. Kh2 Bxa1 32. Rxa1 Rd6 33. Nb5
Rd7 34. Rd1 Ra8 35. Rd3 Ra4 36. g4 Kg7 37. Nd4 Kf6 38. Kg3 Ke5 39. Kf3 1/2-1/2

[Event "Hastings Masters 2022/23"]
[Site "Hastings"]
[Date "2022.12.31"]
[Round "4.37"]
[White "Banerjee, Supratit"]
[Black "Liu, Tianyi (Jack)"]
[Result "0-1"]
[WhiteElo "1541"]
[BlackElo "1892"]
[PlyCount "162"]
[EventDate "2022.12.28"]
[EventType "swiss"]
[EventRounds "10"]
[EventCountry "ENG"]

1. e4 c5 2. c3 d5 3. exd5 Qxd5 4. d4 Nf6 5. Nf3 Bg4 6. Be2 e6 7. Be3 cxd4 8.
cxd4 Nc6 9. Nc3 Qd6 10. O-O Be7 11. Nb5 Qb8 12. h3 Bh5 13. Rc1 a6 14. Nc3 O-O
15. Qb3 Rd8 16. Rfd1 Nb4 17. Bg5 Nbd5 18. Nxd5 Nxd5 19. Bxe7 Nxe7 20. Rc5 Nd5
21. Bc4 Nf6 22. Qe3 Qd6 23. Rg5 Bg6 24. Ne5 Re8 25. f4 Nd7 26. Nxg6 hxg6 27.
Bb3 Nf6 28. Qf3 Rad8 29. Kh1 Qb6 30. Qd3 Rd6 31. f5 exf5 32. Rxg6 Ne4 33. Rxd6
Qxd6 34. Kg1 Rc8 35. Qf3 g6 36. Qd3 Qf4 37. Qf3 Qd6 38. Qd3 Qc7 39. Rf1 Rd8 40.
g4 Qg3+ 41. Qxg3 Nxg3 42. Rd1 Rxd4 43. Kf2 Rxd1 44. Bxd1 Ne4+ 45. Ke3 Nd6 46.
Kd4 fxg4 47. hxg4 Kf8 48. Kc5 Ke7 49. Kb6 Kd7 50. Bb3 f6 51. Bd5 Kc8 52. Be6+
Kb8 53. Bd5 Nc8+ 54. Kc5 Kc7 55. Bf7 Ne7 56. a4 b6+ 57. Kd4 Kd6 58. Bc4 Nc6+
59. Ke4 a5 60. b3 Kc5 61. Bd5 f5+ 62. gxf5 gxf5+ 63. Kxf5 Kxd5 64. Kf4 Kd4 65.
Kf3 Kc3 66. Ke3 Kxb3 67. Kd3 Nb4+ 68. Kd2 Kxa4 69. Kc1 Kb3 70. Kb1 a4 71. Ka1
a3 72. Kb1 a2+ 73. Kc1 Kc3 74. Kd1 Kd3 75. Ke1 Ke3 76. Kf1 a1=Q+ 77. Kg2 Qf6
78. Kg1 Kf3 79. Kh2 Qh4+ 80. Kg1 Qf2+ 81. Kh1 Qg2# 0-1

[Event "Hastings Masters 2022/23"]
[Site "Hastings"]
[Date "2022.12.31"]
[Round "4.38"]
[White "Dewangan, Aayush"]
[Black "Li, Ethan"]
[Result "1-0"]
[WhiteElo "1472"]
[BlackElo "1889"]
[PlyCount "57"]
[EventDate "2022.12.28"]
[EventType "swiss"]
[EventRounds "10"]
[EventCountry "ENG"]

1. e4 c5 2. Nf3 Nc6 3. d4 cxd4 4. Nxd4 Qc7 5. Nc3 e6 6. Be3 a6 7. Qd2 Nf6 8.
O-O-O Bb4 9. f3 b5 10. g4 Ne5 11. g5 Nh5 12. a3 Be7 13. Nf5 exf5 14. Nd5 Qc6
15. f4 Nc4 16. Bxc4 bxc4 17. Qe2 g6 18. exf5 Bb7 19. Rhe1 Bd6 20. Bd4+ Kf8 21.
Bxh8 Nxf4 22. Nxf4 Bxf4+ 23. Kb1 Bxg5 24. Qe5 Bh6 25. Qe7+ Kg8 26. Rxd7 Rf8 27.
Bc3 Bc8 28. Rd6 Qf3 29. Qf6 1-0

[Event "Hastings Masters 2022/23"]
[Site "Hastings"]
[Date "2022.12.31"]
[Round "4.39"]
[White "Sugden, John N"]
[Black "Butt, Laurence"]
[Result "1-0"]
[WhiteElo "1997"]
[BlackElo "1740"]
[PlyCount "64"]
[EventDate "2022.12.28"]
[EventType "swiss"]
[EventRounds "10"]
[EventCountry "ENG"]

1. e4 Nc6 2. d4 d5 3. e5 Bf5 4. Ne2 e6 5. Ng3 Bg6 6. h4 f6 7. h5 Bf7 8. f4 Qd7
9. c3 O-O-O 10. Be3 Nge7 11. Nd2 Nf5 12. Nxf5 exf5 13. Bd3 Be7 14. Qc2 g6 15.
O-O-O fxe5 16. fxe5 Be6 17. Nf3 Rdf8 18. Bh6 Re8 19. Rh2 Nd8 20. Bg5 Nf7 21.
Bxe7 Qxe7 22. Rdh1 c5 23. dxc5 Qxc5 24. hxg6 hxg6 25. Rxh8 Rxh8 26. Rxh8+ Nxh8
27. Nd4 Qe7 28. Qa4 Bd7 29. Qxa7 Qxe5 30. Qc5+ Kb8 31. Bb5 Qe3+ 32. Kc2 Bxb5
1-0

[Event "Hastings Masters 2022/23"]
[Site "Hastings"]
[Date "2022.12.31"]
[Round "4.40"]
[White "Dhanuka Aman"]
[Black "Norinkeviciute, Rasa"]
[Result "0-1"]
[WhiteElo "1194"]
[BlackElo "1969"]
[PlyCount "116"]
[EventDate "2022.12.28"]
[EventType "swiss"]
[EventRounds "10"]
[EventCountry "ENG"]

1. e4 c5 2. c3 d5 3. exd5 Qxd5 4. d4 e5 5. dxe5 Qxe5+ 6. Be3 Nf6 7. Nf3 Qc7 8.
Bb5+ Nbd7 9. O-O Be7 10. Re1 O-O 11. Bg5 Nb6 12. Qe2 Be6 13. Nbd2 Nbd5 14. Ne4
h6 15. Nxf6+ Bxf6 16. Bxf6 Nxf6 17. Bc4 Bg4 18. h3 Rae8 19. Qd3 Rd8 20. Qe3
Rfe8 21. Ne5 Be6 22. Bxe6 Rxe6 23. Qg3 Rde8 24. Nf3 Qxg3 25. fxg3 Re2 26. Rxe2
Rxe2 27. b4 Ne4 28. bxc5 Nxc5 29. Nd4 Re3 30. Rc1 Rxg3 31. Kh2 Rd3 32. Nb3 Ne4
33. c4 h5 34. c5 h4 35. Na5 Rd7 36. c6 bxc6 37. Nxc6 Rc7 38. Re1 Ng3 39. Nd4
Rc4 40. Nf3 Nf5 41. Ng5 g6 42. Nf3 Kg7 43. Rb1 a5 44. Rb7 Rc2 45. Ne5 Kf6 46.
Ng4+ Ke6 47. Rb6+ Nd6 48. Ne3 Rc3 49. Nf1 Kd5 50. Nd2 Rc2 51. Nf3 Rc4 52. Rb2
f6 53. Rd2+ Kc5 54. Rb2 g5 55. Kg1 Ne4 56. Kf1 Rc3 57. Ke1 a4 58. Re2 Rc1# 0-1

[Event "Hastings Masters 2022/23"]
[Site "Hastings"]
[Date "2022.12.31"]
[Round "4.41"]
[White "Flynn, David"]
[Black "Howell, Oliver W"]
[Result "1/2-1/2"]
[WhiteElo "1872"]
[BlackElo "1804"]
[PlyCount "37"]
[EventDate "2022.12.28"]
[EventType "swiss"]
[EventRounds "10"]
[EventCountry "ENG"]

1. e4 e6 2. d4 d5 3. Bd3 dxe4 4. Bxe4 Nf6 5. Bf3 c5 6. Ne2 Nc6 7. Be3 cxd4 8.
Nxd4 Ne5 9. Nc3 Bb4 10. Ndb5 Nxf3+ 11. Qxf3 Bd7 12. O-O-O Qa5 13. Nd6+ Bxd6 14.
Rxd6 O-O 15. Rhd1 Bc6 16. Qg3 Ne4 17. Nxe4 Bxe4 18. Bd4 Bg6 19. Qe5 1/2-1/2

[Event "Hastings Masters 2022/23"]
[Site "Hastings"]
[Date "2022.12.31"]
[Round "4.42"]
[White "Coote, Trevor D"]
[Black "Winter, Kevin"]
[Result "1-0"]
[WhiteElo "2047"]
[BlackElo "1708"]
[PlyCount "133"]
[EventDate "2022.12.28"]
[EventType "swiss"]
[EventRounds "10"]
[EventCountry "ENG"]

1. d4 Nf6 2. c4 g6 3. Nc3 Bg7 4. e4 d6 5. Nf3 O-O 6. Be2 e5 7. dxe5 dxe5 8.
Qxd8 Rxd8 9. Bg5 Re8 10. O-O-O c6 11. h3 Na6 12. Be3 Bf8 13. a3 Nc5 14. Nd2 a5
15. g3 Kg7 16. Bg5 Nfd7 17. Be3 Nf6 18. h4 h5 19. f3 a4 20. Bg5 Nh7 21. Be3 Nf6
22. Rdg1 Bd7 23. g4 b5 24. g5 Nh7 25. cxb5 cxb5 26. f4 b4 27. axb4 Nb3+ 28. Kd1
exf4 29. Bxf4 Bxb4 30. Rg3 Be6 31. Ke1 Nf8 32. Kf2 Nxd2 33. Bxd2 a3 34. bxa3
Rxa3 35. Rb1 Bc5+ 36. Kg2 Bd4 37. Rd3 Be5 38. Nd5 Ra2 39. Nc3 Bc4 40. Nxa2 Bxa2
41. Rb5 Bc4 42. Rxe5 Ne6 43. Rxe6 Bxe6 44. Bc3+ Kg8 45. Bf6 Bc4 46. Rd2 Be6 47.
Bb5 Rc8 48. Bd7 Rc4 49. Bb5 Rc8 50. Rd8+ Rxd8 51. Bxd8 Kf8 52. Bf6 Kg8 53. Kg3
Kf8 54. Kf4 Kg8 55. Ke5 Kf8 56. Kd6 Kg8 57. Bd7 Bb3 58. e5 Kh7 59. Ke7 Ba2 60.
e6 fxe6 61. Bxe6 Bb3 62. Bd4 Bc4 63. Be3 Bd3 64. Kf8 Bc4 65. Bxc4 Kh8 66. Bd4+
Kh7 67. Bg8# 1-0

[Event "Hastings Masters 2022/23"]
[Site "Hastings"]
[Date "2022.12.31"]
[Round "4.43"]
[White "Gamal, Alaa"]
[Black "Shepley, Julien M"]
[Result "1/2-1/2"]
[WhiteElo "1713"]
[BlackElo "1848"]
[PlyCount "98"]
[EventDate "2022.12.28"]
[EventType "swiss"]
[EventRounds "10"]
[EventCountry "ENG"]

1. d4 d5 2. Nf3 c5 3. c4 e6 4. cxd5 exd5 5. g3 Nc6 6. Bg2 Nf6 7. O-O Be7 8. Nc3
O-O 9. Be3 c4 10. Bf4 Be6 11. Ng5 Qd7 12. Nxe6 Qxe6 13. e4 Qd7 14. e5 Ne4 15.
Nxe4 dxe4 16. d5 Nb4 17. Bxe4 Rfd8 18. d6 Bf8 19. a3 Nc6 20. Qc2 g6 21. Qxc4
Rac8 22. Qd3 Bg7 23. Bxc6 Rxc6 24. Rac1 Re8 25. Rxc6 bxc6 26. Qc3 g5 27. Bxg5
Bxe5 28. Qd2 Qxd6 29. Qxd6 Bxd6 30. Be3 Rb8 31. Rb1 Bxa3 32. Rc1 Bxb2 33. Rxc6
a5 34. Ra6 Bc3 35. Bb6 Re8 36. Bxa5 Bxa5 37. Rxa5 Re6 38. Rg5+ Kf8 39. f4 h6
40. Re5 Rxe5 41. fxe5 Ke7 42. Kf2 Ke6 43. Kf3 Kxe5 44. Kg4 Kf6 45. Kh5 Kg7 46.
g4 Kh7 47. h3 Kg7 48. Kh4 Kg6 49. Kg3 f5 1/2-1/2

[Event "Hastings Masters 2022/23"]
[Site "Hastings"]
[Date "2022.12.31"]
[Round "4.44"]
[White "Faulks, Nick"]
[Black "Westcott, Dale"]
[Result "1/2-1/2"]
[WhiteElo "1802"]
[BlackElo "1610"]
[PlyCount "105"]
[EventDate "2022.12.28"]
[EventType "swiss"]
[EventRounds "10"]
[EventCountry "ENG"]

1. c4 c6 2. e4 d5 3. exd5 cxd5 4. cxd5 Nf6 5. Qa4+ Bd7 6. Qb3 Qb6 7. Nc3 g6 8.
Nf3 Bg7 9. Bc4 O-O 10. O-O Bg4 11. Ne5 Bf5 12. Qxb6 axb6 13. d4 Nbd7 14. Bf4
Nxe5 15. Bxe5 Ne4 16. Bxg7 Kxg7 17. Nxe4 Bxe4 18. Rfe1 Rfc8 19. b3 b5 20. Bxb5
Bxd5 21. Rxe7 Bxb3 22. f3 Bxa2 23. Rxb7 Bd5 24. Rxa8 Bxb7 25. Rxc8 Bxc8 26. Kf2
Kf6 27. Ke3 Bb7 28. Bc4 h6 29. Kf4 Bc6 30. d5 Bd7 31. Ke4 Ke7 32. Ba6 Kd6 33.
Bb7 Bf5+ 34. Kd4 Bd7 35. Bc6 Bf5 36. g4 Bb1 37. h4 f6 38. Be8 g5 39. hxg5 hxg5
40. Bf7 Bc2 41. Be6 Bb1 42. Bf5 Ba2 43. Be4 Bb3 44. Ke3 Bxd5 45. Bf5 Ke5 46.
Bg6 Be6 47. Bc2 f5 48. gxf5 Bxf5 49. Bb3 Bd7 50. Bc2 Bc6 51. Bb3 Bxf3 52. Kxf3
g4+ 53. Kxg4 1/2-1/2

[Event "Hastings Masters 2022/23"]
[Site "Hastings"]
[Date "2023.01.01"]
[Round "5.1"]
[White "Sulskis, Sarunas"]
[Black "Korneev, Oleg"]
[Result "1-0"]
[WhiteElo "2492"]
[BlackElo "2481"]
[PlyCount "74"]
[EventDate "2022.12.28"]
[EventType "swiss"]
[EventRounds "10"]
[EventCountry "ENG"]

1. e4 c5 2. Nf3 e6 3. d4 cxd4 4. Nxd4 a6 5. c4 Nf6 6. Nc3 Qc7 7. Be2 b6 8. O-O
Bb7 9. f3 Nc6 10. Kh1 h5 11. Be3 h4 12. Qd2 Ne5 13. Rac1 Be7 14. Rfd1 d6 15.
Qe1 O-O 16. Qf2 Ng6 17. b4 Rab8 18. Nb3 Ba8 19. Na4 h3 20. Nxb6 hxg2+ 21. Kg1
e5 22. c5 dxc5 23. bxc5 Nh5 24. Rd7 Qc6 25. Na5 Qf6 26. Kxg2 Nhf4+ 27. Kh1 Nxe2
28. Qxe2 Qe6 29. Rdd1 Bc6 30. Nxc6 Qxc6 31. Nd7 Rbc8 32. Nxf8 Nxf8 33. Rd5 Ng6
34. Qg2 Rb8 35. Qg4 Rb2 36. Rd2 Rb8 37. Bf2 Nf4 1-0

[Event "Hastings Masters 2022/23"]
[Site "Hastings"]
[Date "2023.01.01"]
[Round "5.4"]
[White "Petrov, Martin"]
[Black "Bazakutsa, Svyatoslav"]
[Result "1-0"]
[WhiteElo "2535"]
[BlackElo "2318"]
[PlyCount "63"]
[EventDate "2022.12.28"]
[EventType "swiss"]
[EventRounds "10"]
[EventCountry "ENG"]

1. Nf3 Nf6 2. e3 g6 3. d4 Bg7 4. Be2 O-O 5. O-O d6 6. c4 Nbd7 7. Nc3 e5 8. b4
a5 9. b5 b6 10. Ba3 exd4 11. Nxd4 Bb7 12. Bf3 Bxf3 13. Qxf3 Re8 14. Rac1 Qc8
15. h3 Ne5 16. Qe2 Qb7 17. Rfd1 Rac8 18. Bb2 d5 19. cxd5 Nxd5 20. Nc6 Nxc3 21.
Bxc3 Nxc6 22. bxc6 Qa8 23. Bxg7 Kxg7 24. Rd7 Re6 25. Qc4 Kg8 26. Qf4 Rf8 27.
Qxc7 b5 28. Qb7 Rb8 29. Qxb8+ Qxb8 30. c7 Qc8 31. Rd8+ Re8 32. Rxe8+ 1-0

[Event "Hastings Masters 2022/23"]
[Site "Hastings"]
[Date "2023.01.01"]
[Round "5.5"]
[White "Ledger, Andrew J"]
[Black "Hebden, Mark L"]
[Result "1/2-1/2"]
[WhiteElo "2314"]
[BlackElo "2448"]
[PlyCount "87"]
[EventDate "2022.12.28"]
[EventType "swiss"]
[EventRounds "10"]
[EventCountry "ENG"]

1. d4 Nf6 2. c4 g6 3. Nc3 Bg7 4. e4 d6 5. Nf3 O-O 6. Be2 e5 7. Be3 Nbd7 8. O-O
Re8 9. Qc2 Ng4 10. Bg5 f6 11. Bc1 exd4 12. Nxd4 Nc5 13. h3 Nh6 14. Bf3 Nf7 15.
Be3 Ng5 16. Rad1 Bd7 17. b4 Nce6 18. Be2 a5 19. a3 axb4 20. axb4 f5 21. exf5
Nxd4 22. Bxd4 Bxf5 23. Qb3 Nxh3+ 24. gxh3 Qg5+ 25. Kh1 Bxh3 26. c5+ d5 27. Bf3
Bxd4 28. Nxd5 Kh8 29. Rxd4 Bxf1 30. Rd1 Be2 31. Qc3+ Qe5 32. Bxe2 c6 33. Qxe5+
Rxe5 34. Nb6 Ra2 35. Bf1 Rxf2 36. Nc4 Rg5 37. Nd6 Rf4 38. Bh3 Rg3 39. Kh2 Rc3
40. Re1 Rh4 41. Re8+ Kg7 42. Re7+ Kh6 43. Nf7+ Kg7 44. Nd6+ 1/2-1/2

[Event "Hastings Masters 2022/23"]
[Site "Hastings"]
[Date "2023.01.01"]
[Round "5.6"]
[White "Chan, Kim Yew"]
[Black "Murphy, Conor E"]
[Result "1-0"]
[WhiteElo "2289"]
[BlackElo "2422"]
[PlyCount "75"]
[EventDate "2022.12.28"]
[EventType "swiss"]
[EventRounds "10"]
[EventCountry "ENG"]

1. Nf3 d5 2. d4 Nf6 3. c4 e6 4. g3 Bb4+ 5. Bd2 Be7 6. Bg2 O-O 7. O-O c6 8. Qc2
a5 9. Bg5 Nbd7 10. Nbd2 h6 11. Bxf6 Nxf6 12. e4 b6 13. Rfd1 Ba6 14. Rac1 Rc8
15. Ne5 Bb7 16. Qb1 dxc4 17. Ndxc4 b5 18. Ne3 Qb6 19. Nd3 Rfd8 20. Nc5 e5 21.
Nxb7 Rxd4 22. Rxd4 exd4 23. Nf5 Qxb7 24. e5 Nh7 25. Nxd4 Rd8 26. Nxc6 Rd2 27.
Qf5 Bf8 28. h4 a4 29. Be4 g6 30. Qf4 Rxb2 31. e6 fxe6 32. Ne5 Qg7 33. Bxg6 Nf6
34. Bf7+ Kh8 35. Ng6+ Kh7 36. Nxf8+ Kh8 37. Nxe6 Qxf7 38. Qxh6+ 1-0

[Event "Hastings Masters 2022/23"]
[Site "Hastings"]
[Date "2023.01.01"]
[Round "5.7"]
[White "Bezuidenhout, Roland"]
[Black "Davies, Nigel R"]
[Result "1/2-1/2"]
[WhiteElo "2265"]
[BlackElo "2398"]
[PlyCount "28"]
[EventDate "2022.12.28"]
[EventType "swiss"]
[EventRounds "10"]
[EventCountry "ENG"]

1. e4 c6 2. Nf3 d5 3. d3 g6 4. Qe2 Bg7 5. g3 dxe4 6. dxe4 b6 7. Bg2 Ba6 8. c4
e5 9. O-O Ne7 10. Rd1 Qc8 11. b3 c5 12. Nc3 Nbc6 13. Nd5 O-O 14. Bb2 Re8
1/2-1/2

[Event "Hastings Masters 2022/23"]
[Site "Hastings"]
[Date "2023.01.01"]
[Round "5.8"]
[White "Cherniaev, Alexander"]
[Black "Muir, Andrew J"]
[Result "1-0"]
[WhiteElo "2374"]
[BlackElo "2244"]
[PlyCount "125"]
[EventDate "2022.12.28"]
[EventType "swiss"]
[EventRounds "10"]
[EventCountry "ENG"]

1. e4 c5 2. Nc3 Nc6 3. Bb5 Nd4 4. a4 e6 5. Nge2 a6 6. Bc4 Nf6 7. d3 d5 8. exd5
exd5 9. Ba2 Bg4 10. h3 Nxe2 11. Nxe2 Bxe2 12. Qxe2+ Qe7 13. Be3 d4 14. Bg5
Qxe2+ 15. Kxe2 Be7 16. Rhe1 O-O 17. Kf3 Rfe8 18. Re2 Kf8 19. Rae1 Bd6 20. Bxf6
gxf6 21. Bd5 Rxe2 22. Rxe2 Rb8 23. Kg4 b6 24. Kf5 Be7 25. Re4 a5 26. Rh4 Rd8
27. Bc4 Kg7 28. g3 Rd6 29. Rh5 Rd8 30. Ke4 Bd6 31. Rh4 Be7 32. Rg4+ Kf8 33. Rf4
Kg7 34. Rf5 Kg6 35. Rd5 Bd6 36. Bb5 h6 37. Bc6 Kg7 38. Bb7 Kf8 39. Bc6 Ke7 40.
Rh5 Rh8 41. Kd5 Rd8 42. Kc4 Rh8 43. Kb5 Bc7 44. Bd5 Kf8 45. Kc6 Bd8 46. Rf5 Kg7
47. Kd7 Kg6 48. Be4 Kg7 49. h4 Rf8 50. Rf4 f5 51. Bxf5 Bf6 52. Rg4+ Kh8 53. Re4
Kg7 54. Rg4+ Kh8 55. Be4 c4 56. Rf4 Kg7 57. dxc4 d3 58. cxd3 Bxb2 59. Bd5 f6
60. d4 f5 61. c5 bxc5 62. dxc5 Bf6 63. Rxf5 1-0

[Event "Hastings Masters 2022/23"]
[Site "Hastings"]
[Date "2023.01.01"]
[Round "5.9"]
[White "Golding, Alex"]
[Black "Oragwu, Chukwunonso"]
[Result "1-0"]
[WhiteElo "2318"]
[BlackElo "2233"]
[PlyCount "103"]
[EventDate "2022.12.28"]
[EventType "swiss"]
[EventRounds "10"]
[EventCountry "ENG"]

1. Nf3 Nf6 2. c4 g6 3. b3 Bg7 4. Bb2 O-O 5. g3 b6 6. Bg2 Bb7 7. O-O c5 8. Re1
d6 9. d4 cxd4 10. Nxd4 Bxg2 11. Kxg2 Qd7 12. e4 Nc6 13. Nc3 Rfe8 14. Nc2 Rad8
15. Qd2 Qg4 16. f3 Qh5 17. Rad1 Rc8 18. Ne3 Qg5 19. Qf2 h5 20. f4 Qa5 21. f5
Ne5 22. a4 Qc5 23. h3 a5 24. Ned5 Qxf2+ 25. Kxf2 Nfd7 26. Nb5 Nd3+ 27. Rxd3
Bxb2 28. Nbc7 Rxc7 29. Nxc7 Rb8 30. fxg6 fxg6 31. Re2 Ne5 32. Rd1 Ba3 33. Kg2
Bc5 34. Rf1 Nc6 35. Ne6 Nd4 36. Nxd4 Bxd4 37. g4 hxg4 38. hxg4 Bf6 39. Rd2 Bg5
40. Rd5 Bf6 41. Rb5 Bd4 42. b4 Ra8 43. bxa5 bxa5 44. Rb7 Bf6 45. e5 Bxe5 46.
Rxe7 Rc8 47. Rb1 Kf8 48. Ra7 Bc3 49. Rbb7 Kg8 50. Kf3 Kf8 51. Ke3 Kg8 52. Kd3
1-0

[Event "Hastings Masters 2022/23"]
[Site "Hastings"]
[Date "2023.01.01"]
[Round "5.10"]
[White "Han, Yichen"]
[Black "Walker, Martin G"]
[Result "0-1"]
[WhiteElo "2423"]
[BlackElo "2100"]
[PlyCount "106"]
[EventDate "2022.12.28"]
[EventType "swiss"]
[EventRounds "10"]
[EventCountry "ENG"]

1. e4 e5 2. Nf3 Nc6 3. Bc4 Bc5 4. c3 Nf6 5. d3 a6 6. Bb3 Ba7 7. Nbd2 O-O 8. Nc4
d6 9. Bg5 Qe7 10. Ne3 Be6 11. O-O h6 12. Bh4 Kh8 13. d4 exd4 14. cxd4 Bxb3 15.
Qxb3 Nxd4 16. Nxd4 Bxd4 17. Nd5 Qxe4 18. Bxf6 Bxf6 19. Nxf6 gxf6 20. Rae1 Qg6
21. Qxb7 Rab8 22. Qxa6 Rxb2 23. a4 Qg5 24. Qc6 Qc5 25. Qf3 f5 26. Rd1 Re8 27.
Rd5 Rxf2 28. Qxf2 Qxd5 29. Qh4 Kg7 30. h3 Re4 31. Qh5 Qc5+ 32. Kh1 Rxa4 33. Qd1
Qd4 34. Qb1 Qe5 35. Re1 Re4 36. Rf1 c5 37. Qc1 c4 38. Qd1 d5 39. Rg1 c3 40. Qf1
Re2 41. Qf3 Re1 42. Qd3 Rxg1+ 43. Kxg1 d4 44. Kh1 Qe4 45. Qg3+ Kh7 46. Qd6 c2
47. Qc7 Kg6 48. Qg3+ Kh5 49. Qc7 Qe1+ 50. Kh2 c1=Q 51. Qxf7+ Kh4 52. Qf6+ Qg5
53. Qxd4+ f4 0-1

[Event "Hastings Masters 2022/23"]
[Site "Hastings"]
[Date "2023.01.01"]
[Round "5.11"]
[White "Byron, Alan M"]
[Black "Edouard, Romain"]
[Result "0-1"]
[WhiteElo "2175"]
[BlackElo "2537"]
[PlyCount "94"]
[EventDate "2022.12.28"]
[EventType "swiss"]
[EventRounds "10"]
[EventCountry "ENG"]

1. e4 c5 2. Nf3 d6 3. c3 Nf6 4. h3 g6 5. Bd3 Bg7 6. O-O O-O 7. Bc2 Nc6 8. d4 d5
9. exd5 Qxd5 10. dxc5 Qxc5 11. Be3 Qb5 12. Bb3 Rd8 13. Nbd2 Na5 14. Nd4 Qa6 15.
N2f3 Nd5 16. Bg5 Nxb3 17. axb3 Qb6 18. Qe2 f6 19. Bh4 e5 20. Nxe5 fxe5 21. Bxd8
Qxd8 22. Nf3 Nf4 23. Qe3 Qf6 24. Ra5 b6 25. Qe4 Rb8 26. Rxa7 Bf5 27. Qc4+ Be6
28. Qc7 Rf8 29. Re1 Bd5 30. Qxe5 Qxe5 31. Nxe5 Nxg2 32. Re2 Nf4 33. Re3 Be6 34.
Nd3 Nxh3+ 35. Kh2 Bf5 36. Ree7 Bf6 37. Re3 Rd8 38. Nb4 Nxf2 39. Nc6 Ng4+ 40.
Kg3 Nxe3 41. Nxd8 h5 42. Nc6 Kf8 43. Nd4 Bxd4 44. cxd4 g5 45. Ra8+ Kf7 46. Kf3
Nd5 47. Rd8 Be6 0-1

[Event "Hastings Masters 2022/23"]
[Site "Hastings"]
[Date "2023.01.01"]
[Round "5.12"]
[White "Villiers, Thomas"]
[Black "Korpa, Bence"]
[Result "0-1"]
[WhiteElo "2141"]
[BlackElo "2516"]
[PlyCount "116"]
[EventDate "2022.12.28"]
[EventType "swiss"]
[EventRounds "10"]
[EventCountry "ENG"]

1. e4 c5 2. Nf3 e6 3. b3 b6 4. Bb2 Bb7 5. Nc3 d6 6. d4 cxd4 7. Qxd4 Nc6 8. Qd2
Nf6 9. O-O-O Be7 10. e5 dxe5 11. Qe1 Qb8 12. Bb5 O-O 13. Bxc6 Bxc6 14. Nxe5 Qc7
15. Nxc6 Qxc6 16. f3 b5 17. Qe5 b4 18. Nd5 Qb7 19. Nxe7+ Qxe7 20. Rd4 h5 21.
Rhd1 Rfc8 22. Qg5 Rc5 23. Rd8+ Rxd8 24. Rxd8+ Qxd8 25. Qxc5 Nd5 26. Qd4 Qg5+
27. Qd2 Qh4 28. g3 Qh3 29. Qf2 a5 30. Kd2 Qf5 31. Qd4 f6 32. Qe4 Qh3 33. Qe2 h4
34. c4 bxc3+ 35. Bxc3 hxg3 36. hxg3 Kf7 37. g4 Qh7 38. Bxa5 Qb1 39. Qb5 Qxa2+
40. Kd3 Qb1+ 41. Ke2 Qc2+ 42. Kf1 Qd1+ 43. Kf2 Nf4 44. Qb7+ Kg6 45. Qe4+ Kg5
46. Bc3 e5 47. b4 g6 48. Bxe5 Qd2+ 49. Kf1 fxe5 50. Qxe5+ Kh4 51. Qe1+ Qxe1+
52. Kxe1 Nd3+ 53. Kd2 Nxb4 54. Ke3 Kg3 55. Ke4 Nd5 56. Kxd5 Kxf3 57. g5 Kf4 58.
Kd4 Kxg5 0-1